[Event "POL-chT3"]
[Site "Jastrzebia Gora POL"]
[Date "2016.09.06"]
[Round "4.91"]
[White "Grajczak, Adrian"]
[Black "Gierulski, Kamil"]
[Result "1/2-1/2"]
[WhiteElo "2022"]
[BlackElo "2196"]
[EventDate "2016.09.02"]

1.e4 c5 2.Nf3 d6 3.d4 cxd4 4.Nxd4 Nf6 5.Nc3 a6 6.Be3 Ng4 7.Bc4 Nxe3 8.fxe3
e6 9.O-O Qc7 10.Bb3 Nc6 11.Nxc6 bxc6 12.Qf3 g6 13.Qf6 Rg8 14.Qh4 h5 15.Rf3
Bg7 16.Raf1 Rf8 17.Ne2 Qe7 18.Qe1 Qg5 19.Qb4 Qe7 20.Qb6 Qb7 21.Qa5 Bd7 22.
Nf4 Rb8 23.Nd3 Qb6 24.Qg5 Qd8 25.Qg3 Qe7 26.Nf4 h4 27.Qe1 Rb5 28.Nd3 Qd8 
29.Kh1 a5 30.c4 Rh5 31.Bd1 Rh7 32.b4 axb4 33.Qxb4 c5 34.Qa3 Bc6 35.Ba4 Bd7
36.e5 Bxe5 37.Nxe5 dxe5 38.Rd1 f6 39.Qxc5 Qa8 40.Bxd7+ Rxd7 41.Qb5 Qb7 42.
Qa4 Qa7 43.Qc6 Ke7 44.Rxd7+ Qxd7 45.Qc5+ Qd6 46.Qa7+ Qd7 47.Qc5+ 1/2-1/2

[Event "POL-chT3"]
[Site "Jastrzebia Gora POL"]
[Date "2016.09.06"]
[Round "4.92"]
[White "Miasik, Adrian"]
[Black "Brylowski, Marian"]
[Result "0-1"]
[WhiteElo "1933"]
[BlackElo "2051"]
[EventDate "2016.09.02"]

1.d4 g6 2.Nf3 Nf6 3.c4 Bg7 4.Nc3 d6 5.e4 c5 6.d5 O-O 7.h3 b5 8.Bd3 bxc4 9.
Bxc4 Ba6 10.Qe2 Qb6 11.O-O Nfd7 12.Bd2 Bxc4 13.Qxc4 Ne5 14.Nxe5 Bxe5 15.
Rab1 Nd7 16.Kh1 Rab8 17.f4 Bg7 18.b3 Qb4 19.Qd3 Rb7 20.Qc2 Nf6 21.Rbe1 c4 
22.Rb1 Rfb8 23.Rfe1 Nd7 24.Ne2 cxb3 25.Rxb3 Qc5 26.Qd3 Rxb3 27.axb3 Qa3 
28.Nc1 Nc5 29.Qc4 a5 30.e5 Bf8 31.Re3 Qa1 32.Kh2 h5 33.f5 Bh6 34.Rg3 Bxd2 
35.Ne2 Qxe5 36.fxg6 f6 37.Kh1 Rb4 38.Qc2 Qxe2 39.g7 Re4 40.b4 Qe1+ 41.Kh2 
0-1

[Event "POL-chT3"]
[Site "Jastrzebia Gora POL"]
[Date "2016.09.06"]
[Round "4.93"]
[White "Brylowski, Stefan"]
[Black "Ziemniak, Piotr"]
[Result "1-0"]
[WhiteElo "1900"]
[BlackElo "1783"]
[EventDate "2016.09.02"]

1.d4 Nf6 2.c4 g6 3.g3 Bg7 4.Bg2 d6 5.Nf3 c6 6.Nc3 O-O 7.O-O Bg4 8.b4 Nbd7 
9.Qb3 e5 10.Rd1 Qe7 11.dxe5 dxe5 12.Ba3 Bxf3 13.Bxf3 Qe6 14.b5 Rfc8 15.Rd6
Qf5 16.bxc6 bxc6 17.Rxc6 e4 18.Rxc8+ Rxc8 19.Bg2 Ng4 20.Rf1 e3 21.f3 Nge5 
22.Nd5 Qe6 23.Ne7+ Kh8 24.Nxc8 Nxc4 25.Nd6 Nxa3 26.Nxf7+ 1-0

[Event "POL-chT3"]
[Site "Jastrzebia Gora POL"]
[Date "2016.09.06"]
[Round "4.94"]
[White "Wozniak, Grzegorz"]
[Black "Aleksandrowicz, Marek"]
[Result "1/2-1/2"]
[WhiteElo "1695"]
[BlackElo "1947"]
[EventDate "2016.09.02"]

1.d4 d5 2.Nf3 Nf6 3.e3 c6 4.Bd3 Bg4 5.Nbd2 Nbd7 6.O-O e5 7.dxe5 Nxe5 8.Be2
Nxf3+ 9.Bxf3 Bf5 10.c4 Bd3 11.Be2 Bxe2 12.Qxe2 Be7 13.b3 O-O 14.Bb2 Re8 
15.Rad1 Qa5 16.a3 Rad8 17.cxd5 Rxd5 18.Nc4 Qb5 19.Qc2 Rxd1 20.Rxd1 Qh5 21.
Bxf6 Bxf6 22.Rd7 b5 23.Na5 c5 24.Nc6 a6 25.Qd3 c4 26.bxc4 Qc5 27.Qd5 Qxc4 
28.f3 Qxd5 29.Rxd5 Kf8 30.Rd7 Rc8 31.Nb4 a5 32.Nd5 Bb2 33.Rb7 Bxa3 34.Rxb5
Ra8 35.Nb6 Ra7 36.Na4 Ke7 37.f4 Bb4 38.Kf2 g6 39.Kf3 h5 40.h3 Rc7 41.g4 
hxg4+ 42.hxg4 Rd7 43.Nb6 Rd1 44.Nd5+ Ke6 45.f5+ gxf5 46.gxf5+ Kd6 47.Nxb4 
axb4 48.Rxb4 Ke5 49.Rb5+ Kf6 50.Ke4 Ra1 51.Rb6+ Kg5 52.Rd6 Ra4+ 53.Rd4 Ra5
1/2-1/2

[Event "POL-chT3"]
[Site "Jastrzebia Gora POL"]
[Date "2016.09.06"]
[Round "4.95"]
[White "Pelowski, Zdzislaw"]
[Black "Wasik, Roman"]
[Result "1-0"]
[WhiteElo "1761"]
[BlackElo "1474"]
[EventDate "2016.09.02"]

1.c4 d6 2.d4 g6 3.Nc3 Bg7 4.Nf3 Nd7 5.Bg5 c6 6.e3 Ngf6 7.Be2 O-O 8.O-O h6 
9.Bh4 Qc7 10.Qc2 e5 11.dxe5 Nxe5 12.Rad1 Bf5 13.Qb3 Nfd7 14.Qa3 Nc5 15.Nd4
Bd3 16.Bxd3 Ncxd3 17.Ne4 d5 18.cxd5 cxd5 19.Nf6+ Bxf6 20.Bxf6 Ng4 21.g3 
Nxb2 22.Nb5 Qc6 23.Bxb2 Qxb5 24.h3 h5 25.hxg4 hxg4 26.Bf6 a5 27.Kg2 Qc6 
28.Be5 b5 29.Rh1 f6 30.Rh6 b4 31.Qd3 f5 32.Rdh1 a4 33.Rh7 Rfe8 34.Rg7+ Kf8
35.Rh8# 1-0

[Event "POL-chT3"]
[Site "Jastrzebia Gora POL"]
[Date "2016.09.06"]
[Round "4.96"]
[White "Wasik, Justyna"]
[Black "Buchta, Agnieszka"]
[Result "0-1"]
[WhiteElo "1385"]
[BlackElo "1611"]
[EventDate "2016.09.02"]

1.Nf3 Nf6 2.c4 e6 3.d4 Bb4+ 4.Nc3 O-O 5.Qc2 d6 6.Bd2 Nc6 7.a3 Bxc3 8.Bxc3 
Qe7 9.e4 e5 10.d5 Nb8 11.Be2 a5 12.h4 a4 13.Nh2 Nbd7 14.g4 Nc5 15.f3 Nb3 
16.Rd1 Nd7 17.g5 Ndc5 18.Kf2 f5 19.Bd3 Nxd3+ 20.Qxd3 Nc5 21.Qe3 fxe4 22.
Rdf1 exf3 23.Ke1 f2+ 24.Rxf2 Rxf2 25.Kxf2 b6 26.Rf1 Ba6 27.Ke1 Bxc4 28.Rf3
Bxd5 29.Rf5 Rf8 30.Rxf8+ Qxf8 31.Ng4 Qf5 32.Qg3 Qe4+ 33.Kd2 Nb3+ 34.Kd1 
Qf3+ 35.Qxf3 Bxf3+ 36.Kc2 Bxg4 37.Kd3 Kf7 38.Kc4 c6 39.Kd3 Ke6 40.Ke4 d5+ 
41.Kd3 g6 42.Be1 e4+ 43.Ke3 Bf5 44.Bf2 d4+ 45.Ke2 e3 46.Be1 Kd5 47.Kf3 Bc2
48.Ke2 Ke4 49.Kf1 d3 50.Bc3 d2 51.Bxd2 exd2 52.Ke2 d1=Q+ 0-1

[Event "POL-chT3"]
[Site "Jastrzebia Gora POL"]
[Date "2016.09.06"]
[Round "4.97"]
[White "Dors, Ryszard"]
[Black "Cajbel, Maciej"]
[Result "0-1"]
[WhiteElo "2167"]
[BlackElo "2198"]
[EventDate "2016.09.02"]

1.Nf3 c5 2.c4 Nc6 3.d4 cxd4 4.Nxd4 g6 5.Nc3 Bg7 6.e3 Nf6 7.g3 O-O 8.Bg2 
Qc7 9.b3 Nxd4 10.exd4 d5 11.Bf4 Qa5 12.Bd2 dxc4 13.bxc4 Qd8 14.d5 Bg4 15.
Qb3 Nd7 16.O-O Ne5 17.Ne4 Be2 18.c5 Bc4 19.Qa3 Bxd5 20.Bc3 Qc7 21.Rfd1 e6 
22.Rab1 Qc6 23.f3 Nc4 24.Qc1 Bxe4 25.Bxg7 Kxg7 26.fxe4 Qxc5+ 27.Kh1 b5 28.
Rb3 Rac8 29.Qb1 a6 30.a4 Ne3 31.Qa1+ Kg8 32.Rdb1 Nxg2 33.Kxg2 Qc2+ 34.Kh3 
Qxe4 35.axb5 Rc2 36.Rg1 Qe2 37.Qd4 Qxh2+ 38.Kg4 Qh5+ 39.Kf4 e5+ 0-1

[Event "POL-chT3"]
[Site "Jastrzebia Gora POL"]
[Date "2016.09.06"]
[Round "4.98"]
[White "Zareba, Radoslaw"]
[Black "Janiszewski, Maciej"]
[Result "0-1"]
[WhiteElo "2093"]
[BlackElo "2129"]
[EventDate "2016.09.02"]

1.e4 d5 2.exd5 Nf6 3.d4 Bg4 4.Be2 Bxe2 5.Nxe2 Qxd5 6.O-O Nc6 7.Na3 O-O-O 
8.c4 Qh5 9.Nc2 e6 10.Bf4 g5 11.Bg3 Qg6 12.b4 Ne4 13.b5 Nxg3 14.bxc6 Nxf1 
15.cxb7+ Kb8 16.Kxf1 e5 17.d5 Qe4 18.Ne3 Bc5 19.Qb3 Rd6 20.Ng3 Qf4 21.Kg1 
Rb6 22.Qd3 Rb2 23.Ne4 Bxe3 24.fxe3 Qg4 25.Nd2 Rd8 26.c5 Qb4 27.Nc4 e4 28.
Qxe4 Qa4 29.Qd3 Rc2 30.Ne5 Rxc5 31.e4 f6 32.Qe3 Qc2 33.Nc6+ Rxc6 34.dxc6 
Rd2 35.Qf3 Qxc6 36.h3 Rb2 37.Rf1 Rb6 38.Qf5 Kxb7 39.Qxh7 Qc5+ 40.Kh1 Qc2 
41.Qf5 Qxa2 42.e5 fxe5 43.Qxe5 Qc4 44.Rd1 Rb5 45.Qe3 a5 46.Rc1 Qf4 47.Qc3 
Qd6 48.Qf3+ Qd5 49.Qc3 c6 50.Qg7+ Kb6 51.Qf8 Qd7 52.Qb8+ Qb7 53.Qd8+ Qc7 
54.Qd4+ Ka6 55.Qe4 Qb7 56.Qd4 Qe7 57.Qc4 Qf6 58.Rf1 Qd6 59.Qf7 Kb6 60.Qf2+
Qc5 61.Qf6 Rb3 62.Qd8+ Kb5 63.Qb8+ Ka4 64.Ra1+ Ra3 65.Re1 Qd5 66.Qb1 Rxh3+
67.Kg1 Qd4+ 68.Kf1 Rh1+ 69.Ke2 Rxe1+ 0-1

[Event "POL-chT3"]
[Site "Jastrzebia Gora POL"]
[Date "2016.09.06"]
[Round "4.99"]
[White "Sek, Joachim"]
[Black "Czachor, Grzegorz"]
[Result "0-1"]
[WhiteElo "2054"]
[BlackElo "2078"]
[EventDate "2016.09.02"]

1.e4 g6 2.d4 Bg7 3.g3 d6 4.Bg2 Nc6 5.Ne2 Bg4 6.f3 Bd7 7.c3 e5 8.Be3 Nf6 9.
O-O O-O 10.Na3 Re8 11.d5 Nb8 12.Qd2 Qc8 13.c4 b6 14.b3 Bh3 15.Nc2 Bxg2 16.
Kxg2 a5 17.Nc3 Nbd7 18.a3 Nc5 19.Rab1 Nfd7 20.b4 Nb7 21.Nd1 axb4 22.axb4 
c5 23.dxc6 Qxc6 24.Qd3 Rec8 25.Nb2 b5 26.Na3 bxc4 27.Nbxc4 Qa6 28.Rfd1 Bf8
29.Rb3 Rc7 30.Qb1 Rxc4 31.Nxc4 Qxc4 32.Rc1 Qe2+ 33.Bf2 Ra2 34.Rf1 Nb6 35.
Qd3 Bh6 36.Qxe2 Rxe2 37.Rc1 Bxc1 0-1

[Event "POL-chT3"]
[Site "Jastrzebia Gora POL"]
[Date "2016.09.06"]
[Round "4.100"]
[White "Bogenryter, Hubert"]
[Black "Pochcial, Jan"]
[Result "0-1"]
[WhiteElo "1978"]
[BlackElo "2009"]
[EventDate "2016.09.02"]

1.e4 e5 2.Nf3 Nc6 3.d4 exd4 4.Bc4 Nf6 5.e5 Ng4 6.Bxf7+ Kxf7 7.Ng5+ Kg8 8.
Qxg4 h6 9.Nf3 d6 10.Qh5 dxe5 11.O-O Qf6 12.Ne1 Bd6 13.Nd2 Bf5 14.Qe2 a6 
15.Ne4 Qg6 16.Ng3 Kh7 17.Nxf5 Qxf5 18.g4 Qg6 19.Ng2 Rhf8 20.h4 Rae8 21.h5 
Qf6 22.Qe4+ Kg8 23.f3 Be7 24.Bd2 Qe6 25.a3 Bf6 26.Rae1 Rd8 27.Bxh6 Qd5 28.
Bd2 Qxe4 29.Rxe4 Be7 30.g5 Bd6 31.Nh4 Ne7 32.Kg2 Rf7 33.g6 Rff8 34.h6 Nf5 
35.Bg5 Rde8 36.h7+ Kh8 37.Nxf5 Rxf5 38.Rg4 Re6 39.Bh4 Be7 40.Bxe7 Rxe7 41.
Rg1 Re6 42.Rg3 Rc6 43.Rc1 Rff6 44.Re1 Rxc2+ 45.Kh3 Rcc6 46.Rxe5 Rxg6 47.
Rxg6 Rxg6 48.Re7 d3 49.Rxc7 Rd6 50.Rc1 d2 51.Rd1 Kxh7 52.Kg3 Kg6 53.Kf4 
Kf6 54.Ke3 Ke5 55.Rxd2 Rxd2 56.Kxd2 Kd4 57.a4 a5 58.Ke2 Kc4 59.f4 Kb4 60.
Kf3 Kxa4 61.Kg4 Kb3 62.Kg5 Kxb2 63.f5 a4 64.Kg6 a3 65.Kxg7 a2 0-1

[Event "POL-chT3"]
[Site "Jastrzebia Gora POL"]
[Date "2016.09.06"]
[Round "4.101"]
[White "Panczyszyn, Wiktor"]
[Black "Krupa, Jerzy"]
[Result "0-1"]
[WhiteElo "1919"]
[BlackElo "1817"]
[EventDate "2016.09.02"]

1.d4 Nf6 2.Nc3 e6 3.e4 Bb4 4.Bd3 c5 5.dxc5 Nc6 6.Bf4 e5 7.Bg5 h6 8.Bh4 g5 
9.Bg3 h5 10.h4 g4 11.Ne2 Bxc5 12.Bc4 d6 13.a3 Be6 14.Qd3 a6 15.Nd5 Bxd5 
16.Bxd5 Qc7 17.c3 Nxd5 18.Qxd5 Ne7 19.Qd3 O-O-O 20.b4 Bb6 21.c4 Rhf8 22.
Nc3 Bd4 23.Rc1 Bxc3+ 24.Rxc3 f5 25.exf5 Nxf5 26.O-O Nxg3 27.Qxg3 Rf4 28.
Qd3 Kb8 29.Rd1 Rd4 30.Qe2 Rxd1+ 31.Qxd1 d5 32.c5 d4 33.Rc1 e4 34.Rc4 Qe5 
35.c6 Rd5 36.cxb7 Kxb7 37.Qa4 Rb5 38.Qd1 Rd5 39.Qc1 d3 40.Qh6 Qe8 41.Qd2 
g3 42.Qf4 d2 43.Qc7+ Ka8 44.fxg3 d1=Q+ 45.Kh2 e3 46.Rc6 Qd3 47.Rb6 Rd7 48.
Qc6+ Ka7 49.Qc5 Qd5 50.Rxa6+ Kxa6 51.b5+ Kb7 0-1

[Event "POL-chT3"]
[Site "Jastrzebia Gora POL"]
[Date "2016.09.06"]
[Round "4.102"]
[White "Zdziarska-zareba, Lidia"]
[Black "Gorczyca, Aleksandra"]
[Result "0-1"]
[WhiteElo "1884"]
[BlackElo "2106"]
[EventDate "2016.09.02"]

1.e4 e6 2.d4 d5 3.Nc3 dxe4 4.Nxe4 b6 5.Nf3 a6 6.c3 Bb7 7.Bd3 Be7 8.O-O Nf6
9.Qc2 Nbd7 10.Re1 O-O 11.Nfg5 g6 12.Nxe6 fxe6 13.Ng5 Qe8 14.Nxe6 Qf7 15.
Nxc7 Rac8 16.Ne6 Rfe8 17.Ng5 Qd5 18.f3 Nf8 19.Re5 Qd7 20.Qb3+ Bd5 21.c4 
Bf7 22.Nxf7 Kxf7 23.Be3 Kg7 24.d5 Bc5 25.Rxe8 Rxe8 26.Bxc5 bxc5 27.Bf1 Qd6
28.Qc3 Nd7 29.Re1 Rxe1 30.Qxe1 Qe5 31.Qc1 Qd4+ 32.Kh1 Ne5 33.Qc2 Nh5 34.b3
Nf4 35.Qe4 Qxe4 36.fxe4 Nfd3 37.a3 a5 38.Bxd3 Nxd3 39.Kg1 Kf6 40.Kf1 Ke5 
41.Ke2 Nc1+ 42.Kd2 Nxb3+ 43.Kd3 a4 44.g3 Na5 45.h3 Nb7 46.g4 Nd6 47.h4 
Nxe4 48.h5 g5 49.Ke3 h6 50.Ke2 Nd6 51.Kd3 Kf4 52.Kc3 Kxg4 53.Kd3 Kf3 0-1

[Event "POL-chT3"]
[Site "Jastrzebia Gora POL"]
[Date "2016.09.07"]
[Round "5.1"]
[White "Szotkowski, Jakub"]
[Black "Szwed, Jacek"]
[Result "0-1"]
[WhiteElo "2403"]
[BlackElo "2402"]
[EventDate "2016.09.02"]

1.d4 d5 2.c4 dxc4 3.Nf3 a6 4.e3 b5 5.a4 Bb7 6.b3 e6 7.axb5 axb5 8.Rxa8 
Bxa8 9.bxc4 bxc4 10.Bxc4 Nf6 11.O-O Be7 12.Bb5+ c6 13.Bd3 O-O 14.Qc2 c5 
15.dxc5 Bxf3 16.gxf3 Qd5 17.Ba3 Nbd7 18.Rd1 Qg5+ 19.Kh1 Bxc5 20.Bxh7+ Nxh7
21.Rxd7 Bxa3 22.Nxa3 Qh5 23.f4 Nf6 24.Qd1 Ng4 25.Qg1 Qc5 26.Rd4 Qc6+ 27.e4
Qc3 28.Nb5 Qf3+ 29.Qg2 Nxf2+ 30.Kg1 Nh3+ 31.Kh1 Nf2+ 32.Kg1 Nh3+ 33.Kh1 
Qb3 34.Qf1 Rb8 35.Nd6 Qe3 36.Rd1 Nf2+ 0-1

[Event "POL-chT3"]
[Site "Jastrzebia Gora POL"]
[Date "2016.09.07"]
[Round "5.2"]
[White "Jedynak, Radoslaw"]
[Black "Nguyen, Piotr"]
[Result "0-1"]
[WhiteElo "2366"]
[BlackElo "2435"]
[EventDate "2016.09.02"]

1.d4 d6 2.Nf3 g6 3.c4 Bg7 4.e4 e5 5.d5 Nd7 6.Be2 Ne7 7.h4 Nc5 8.Nc3 f5 9.
h5 fxe4 10.Ng5 e3 11.Bxe3 Nf5 12.Bd2 e4 13.Ngxe4 O-O 14.hxg6 hxg6 15.Bg5 
Nxe4 16.Bxd8 Nxc3 17.Qd2 Nxe2 18.Bxc7 Re8 19.Kf1 Nfg3+ 20.fxg3 Nxg3+ 21.
Kg1 Bd4+ 22.Kh2 Be5 23.Qd3 Nxh1+ 24.Kxh1 Bf5 25.Qd2 Re7 26.Ba5 Rf8 27.Kg1 
Rh7 0-1

[Event "POL-chT3"]
[Site "Jastrzebia Gora POL"]
[Date "2016.09.07"]
[Round "5.3"]
[White "Kowalczyk, Pawel"]
[Black "Tymrakiewicz, Rafal"]
[Result "1-0"]
[WhiteElo "2303"]
[BlackElo "2285"]
[EventDate "2016.09.02"]

1.d4 Nf6 2.Nf3 g6 3.g3 Bg7 4.Bg2 c5 5.O-O cxd4 6.Nxd4 Nc6 7.c4 O-O 8.Nc2 
d6 9.Nc3 Qa5 10.e4 Bg4 11.f3 Be6 12.Nd5 Bxd5 13.cxd5 Ne5 14.Bd2 Qa4 15.Bc3
Rac8 16.Nd4 Qxd1 17.Rfxd1 h5 18.a4 Rc4 19.Kf2 a6 20.Bf1 Rc7 21.Ba5 Rcc8 
22.Bc3 Ned7 23.Ra3 Rc7 24.Bh3 Rc4 25.Bf1 Rc7 26.Raa1 Bh6 27.Re1 Bg7 28.
Red1 Bh6 29.Ba5 Rcc8 30.Ra3 Bg7 31.Rb3 Nc5 32.Rb4 Rb8 33.Bh3 Nfd7 34.Bxd7 
Nxd7 35.Bc7 Rbc8 36.Rxb7 Nc5 37.Ra7 Nxa4 38.Nc6 Rfe8 39.Ke2 Bxb2 40.Ba5 
Bf6 41.Rxa6 Ra8 42.Rxa8 Rxa8 43.Rb1 Kf8 44.Ke3 Nc5 45.f4 Nd7 46.Rb7 Nc5 
47.Rb5 Nd7 48.h4 Ke8 49.Bb4 Bg7 50.Rb7 f6 51.Kf3 Rc8 52.g4 hxg4+ 53.Kxg4 
f5+ 54.Kg5 fxe4 55.Kxg6 Bf6 56.h5 e3 57.Ra7 Nf8+ 58.Kf5 Bh4 59.Kg4 Bf6 60.
Kf3 e6 61.Bxd6 exd5 62.Ne5 d4 63.h6 Bxe5 64.Bxe5 Rc1 65.Ra8+ Kf7 66.Rxf8+ 
Kxf8 67.h7 Rf1+ 68.Kg2 Rf2+ 69.Kg3 1-0

[Event "POL-chT3"]
[Site "Jastrzebia Gora POL"]
[Date "2016.09.07"]
[Round "5.4"]
[White "Gmaj, Krzysztof"]
[Black "Jagodzinski, Piotr"]
[Result "0-1"]
[WhiteElo "2192"]
[BlackElo "2241"]
[EventDate "2016.09.02"]

1.e4 c6 2.d4 d5 3.Nc3 a6 4.g3 dxe4 5.Nxe4 Bf5 6.Bg2 e6 7.Ne2 Be7 8.O-O Nf6
9.Nxf6+ Bxf6 10.Be3 O-O 11.c4 Qe7 12.Qb3 Rd8 13.Rad1 a5 14.a3 a4 15.Qb4 
Qxb4 16.axb4 a3 17.bxa3 Rxa3 18.Nf4 Be7 19.b5 g5 20.bxc6 Nxc6 21.d5 Ne5 
22.Bb6 Rc8 23.d6 Bxd6 24.Rxd6 Nxc4 25.Rd8+ Rxd8 26.Bxd8 gxf4 27.Bxb7 Ra7 
28.Bc6 Ne5 29.Bb5 Be4 30.Be2 Ra2 31.Bh5 f3 32.Bf6 Nd7 33.Ba1 Kf8 34.h3 Ke7
35.g4 f6 36.Bd4 Ra4 37.Be3 Ra5 38.Kh2 Ne5 39.Kg3 Nc4 40.Bh6 Nd6 41.Rc1 Bd5
42.Kh2 Kd7 43.Bf4 Ra2 44.Kg1 e5 45.Bh6 Ne4 46.Be3 Ra3 47.Bh6 Ng5 48.Bxg5 
fxg5 49.Rd1 Ke6 50.Bf7+ Kxf7 51.Rxd5 Ke6 52.Rd8 Ra2 53.Rd3 e4 54.Rb3 h6 
55.Rb5 Ra1+ 56.Kh2 e3 0-1

[Event "POL-chT3"]
[Site "Jastrzebia Gora POL"]
[Date "2016.09.07"]
[Round "5.5"]
[White "Dowgird, Filip"]
[Black "Morkisz, Bogdan"]
[Result "1-0"]
[WhiteElo "2238"]
[BlackElo "2020"]
[EventDate "2016.09.02"]

1.g3 Nf6 2.Bg2 g6 3.e4 d6 4.Ne2 e5 5.O-O Bg7 6.c4 Nc6 7.Nbc3 Be6 8.d3 Qd7 
9.Nd5 O-O 10.Bg5 Nh5 11.Qd2 Rae8 12.b4 Nd8 13.Rae1 c6 14.Ndc3 f5 15.exf5 
gxf5 16.f4 Nf7 17.Bf3 Nxg5 18.Bxh5 Bf7 19.Bxf7+ Nxf7 20.d4 e4 21.Nd1 Qe6 
22.Ne3 d5 23.cxd5 cxd5 24.Rc1 Nd6 25.a4 Nc4 26.Nxc4 dxc4 27.d5 Qb6+ 28.Kg2
Rc8 29.d6 Qc6 30.b5 e3+ 31.bxc6 exd2 32.Rxc4 Rfd8 33.Rd1 Rxc6 34.Rxc6 bxc6
35.Rxd2 Rd7 36.Rc2 Rxd6 37.Rc5 Kf7 38.Rxf5+ Ke6 39.Ra5 Rd7 40.Kf3 Kd6 41.
Ke4 Rb7 42.g4 Rb2 43.Ng3 Rb4+ 44.Kf3 Bc3 45.Nf5+ Kc7 46.Rxa7+ Kb6 47.Rxh7 
Bd2 48.Ne3 Rb3 49.Re7 c5 50.h4 Kc6 51.Ke2 Bc1 52.Re6+ Kd7 53.Re4 Kd6 54.h5
Rb2+ 55.Kf3 Rb3 56.h6 c4 57.h7 Bxe3 58.Rxe3 1-0

[Event "POL-chT3"]
[Site "Jastrzebia Gora POL"]
[Date "2016.09.07"]
[Round "5.6"]
[White "Kubicka, Anna"]
[Black "Majdan-gajewska, Joanna"]
[Result "0-1"]
[WhiteElo "2239"]
[BlackElo "2362"]
[EventDate "2016.09.02"]

1.d4 Nf6 2.c4 e6 3.Nc3 Bb4 4.Bd2 O-O 5.Nf3 b6 6.g3 Bb7 7.Bg2 Re8 8.O-O d6 
9.a3 Bxc3 10.Bxc3 Nbd7 11.b4 Ne4 12.Bb2 d5 13.c5 a5 14.Qc2 Ba6 15.Rfb1 a4 
16.Ne5 f5 17.f3 Nef6 18.c6 Nf8 19.Bc1 Bb5 20.Bg5 h6 21.Be3 Qe7 22.Re1 g5 
23.Bf2 N8h7 24.e4 fxe4 25.fxe4 dxe4 26.Bxe4 Nxe4 27.Qxe4 Nf6 28.Qc2 Nd5 
29.h4 Qh7 30.Qd2 Re7 31.hxg5 hxg5 32.Kg2 Rg7 33.Rh1 Qe4+ 34.Kg1 Nf4 35.Rh2
Ne2+ 36.Kf1 Nxd4+ 37.Kg1 Ne2+ 38.Kf1 Qxe5 39.Re1 Nd4+ 40.Kg1 Nf3+ 0-1

[Event "POL-chT3"]
[Site "Jastrzebia Gora POL"]
[Date "2016.09.07"]
[Round "5.7"]
[White "Kantans, Toms"]
[Black "Mucha, Roman"]
[Result "1-0"]
[WhiteElo "2491"]
[BlackElo "2190"]
[EventDate "2016.09.02"]

1.e4 c5 2.Nf3 d6 3.Bb5+ Bd7 4.c4 e5 5.Nc3 Ne7 6.d3 Nbc6 7.O-O h6 8.a3 g6 
9.b4 Bg7 10.Be3 Nd4 11.Bxd7+ Qxd7 12.bxc5 dxc5 13.Nd5 Nxd5 14.Bxd4 exd4 
15.exd5 O-O 16.a4 Rfe8 17.a5 Bf8 18.Qd2 Kg7 19.Rfb1 Bd6 20.Rb5 Rac8 21.g3 
Re7 22.Kg2 Rc7 23.Re1 Qe8 24.Rbb1 Rxe1 25.Rxe1 Re7 26.Rxe7 Qxe7 27.h4 Qd8 
28.Qb2 Qc8 29.Nd2 f5 30.a6 bxa6 31.Qa3 g5 32.Nf3 gxh4 33.Nxd4 hxg3 34.Ne6+
Kf7 35.d4 gxf2 36.dxc5 Qg8+ 37.Kxf2 Bh2 38.Qh3 Qg1+ 39.Ke2 Qg4+ 40.Qxg4 
fxg4 41.c6 Ke7 42.c5 Be5 43.c7 Kd7 44.d6 Kc8 45.Nd8 1-0

[Event "POL-chT3"]
[Site "Jastrzebia Gora POL"]
[Date "2016.09.07"]
[Round "5.8"]
[White "Bus, Konrad"]
[Black "Kuzmicz, Krystian"]
[Result "0-1"]
[WhiteElo "2245"]
[BlackElo "2470"]
[EventDate "2016.09.02"]

1.d4 d6 2.e4 Nf6 3.Nc3 c6 4.Nf3 Bg4 5.Be2 e6 6.O-O d5 7.exd5 Bxf3 8.Bxf3 
cxd5 9.Ne2 Nc6 10.c3 Be7 11.Bf4 O-O 12.Re1 b5 13.b4 a5 14.a3 Nd7 15.Qd3 
Qb6 16.Bd2 Ra7 17.Nf4 Bd6 18.Be2 Rfa8 19.Rac1 axb4 20.axb4 Ra2 21.Be3 Qc7 
22.g3 Nb6 23.Qd1 Nc4 24.Bxc4 bxc4 25.Re2 R2a3 26.Rb2 Bxf4 27.Bxf4 Qd7 28.
b5 Na5 29.b6 Nb7 30.Qg4 Qe7 31.Kg2 Qf6 32.h4 Qg6 33.Qe2 Qf5 34.h5 h6 35.
Rcc2 Qd3 36.Qxd3 cxd3 37.Rc1 R8a4 38.Rd2 Rb3 39.Bc7 Na5 40.Rxd3 Nc4 41.
Rdd1 Nxb6 42.Bxb6 Rxb6 43.Rb1 Rc6 44.Rb8+ Kh7 45.Rb3 Ra2 46.Re1 Rc2 47.Re3
Rc7 48.Ra3 g6 49.hxg6+ Kxg6 50.Rb3 Ra7 51.Rb8 Rc7 52.Rb3 Ra2 53.Rf3 Raa7 
54.Rf4 Rcb7 55.Rxb7 Rxb7 56.Rf3 Rb2 57.Re3 Kf6 58.g4 Rb1 59.Kg3 Rg1+ 60.
Kf4 Rf1 61.Kg3 Kg6 62.Kg2 Rc1 63.Kg3 Kg5 64.Re5+ Kg6 65.Re3 Rc2 66.Kf3 h5 
67.gxh5+ Kxh5 68.Kg3 Kg6 69.Kf3 Kf6 70.Kg3 Ke7 71.Kf3 Kd6 72.Kg3 Ra2 73.
Rf3 Ra7 74.Kf4 Ra3 75.Kg5 Ke7 76.Kf4 f6 77.Re3 Kd6 78.f3 Ra1 79.Re2 Rc1 
80.Re3 Rd1 81.Kg4 Rg1+ 82.Kf4 Rg8 83.Re1 Rc8 84.Re3 Rh8 85.Re1 Rc8 86.Re3 
Rc4 87.Kg4 Ke7 88.Rd3 Kf7 89.Kg3 Kg6 90.Kf4 Ra4 91.Ke3 Kf5 92.Rd1 Ra3 93.
Rd3 Rb3 94.Kd2 Kf4 95.Re3 Rb6 96.Kd3 Ra6 97.Kd2 Rc6 98.Rd3 Kg3 99.Ke3 Rc4 
100.Ke2 Ra4 101.Re3 Ra6 102.Rd3 Ra2+ 103.Ke1 Ra1+ 104.Ke2 Ra2+ 105.Ke1 Rb2
106.Re3 Rb6 107.Ke2 Kf4 108.Kd2 Rb2+ 109.Kd3 Rb6 110.Re1 e5 111.dxe5 fxe5 
112.Rf1 Rb2 113.Rh1 e4+ 114.fxe4 dxe4+ 115.Kc4 e3 116.Rh8 e2 117.Re8 Rd2 
0-1

[Event "POL-chT3"]
[Site "Jastrzebia Gora POL"]
[Date "2016.09.07"]
[Round "5.9"]
[White "Sabuk, Piotr"]
[Black "Bednarczyk, Damian"]
[Result "1-0"]
[WhiteElo "2365"]
[BlackElo "2158"]
[EventDate "2016.09.02"]

1.d4 d5 2.c4 e6 3.Nf3 Nf6 4.g3 Be7 5.Bg2 O-O 6.O-O dxc4 7.Qc2 a6 8.Qxc4 
Bd7 9.Ne5 Bb5 10.Qc2 Nc6 11.Nxc6 Bxc6 12.Bxc6 bxc6 13.Rd1 Qd5 14.Nc3 Qh5 
15.Kg2 c5 16.dxc5 Qxc5 17.Qa4 Qb6 18.Qf4 Rad8 19.Rxd8 Rxd8 20.b3 Bd6 21.
Qf3 Nd7 22.Bf4 Bxf4 23.Qxf4 e5 24.Qf3 Nf6 25.Rd1 Re8 26.Ne4 Nxe4 27.Qxe4 
g6 28.Rd7 Re6 29.f3 Qc6 30.Rd5 Qc3 31.Rd8+ Kg7 32.Qa8 Kf6 33.Rd3 Qc2 34.
Qh8+ Kf5 35.Re3 e4 36.Qxh7 Kf6 37.fxe4 Rxe4 38.Rf3+ Ke5 39.Qg7+ Kd6 40.
Qf6+ Kd7 41.Rd3+ 1-0

[Event "POL-chT3"]
[Site "Jastrzebia Gora POL"]
[Date "2016.09.07"]
[Round "5.10"]
[White "Slezak, Robert"]
[Black "Dubinski, Mateusz"]
[Result "0-1"]
[WhiteElo "2134"]
[BlackElo "2241"]
[EventDate "2016.09.02"]

1.e4 e5 2.Nf3 Nc6 3.Bc4 Nf6 4.d3 Be7 5.O-O O-O 6.Re1 d6 7.c3 Na5 8.Bb5 a6 
9.Ba4 c5 10.h3 Qc7 11.a3 b5 12.Bc2 Nc6 13.Bg5 h6 14.Bh4 g6 15.Nbd2 Nh5 16.
Nf1 Bxh4 17.Nxh4 Nf4 18.Ne3 Qe7 19.Nf3 Qf6 20.Bb3 Ne7 21.Ng4 Qg7 22.Kh2 g5
23.Ng1 Qg6 24.g3 Nxd3 25.Qxd3 c4 26.Qf3 cxb3 27.Nf6+ Kg7 28.Nh5+ Kh8 29.g4
Bb7 30.Rad1 Rad8 31.Nf6 Ng8 32.Nh5 f6 33.Ng3 Ne7 34.Qe3 Rd7 35.Rd2 Rfd8 
36.Red1 Qf7 37.Qb6 Qe6 38.N1e2 Nc8 39.Qe3 d5 40.Nf5 Nb6 41.Qc5 Nc4 42.exd5
Qf7 43.d6 Rc8 44.Qb4 Nxd2 45.Rxd2 h5 46.Neg3 Rc4 47.Qxb3 hxg4 48.hxg4 Bf3 
49.Rd3 Qh7+ 50.Kg1 Bxg4 51.Ne3 Qxd3 52.Nxg4 Rxg4 53.Qe6 Rxg3+ 54.fxg3 Qxd6
0-1

[Event "POL-chT3"]
[Site "Jastrzebia Gora POL"]
[Date "2016.09.07"]
[Round "5.11"]
[White "Szczepaniak, Lukasz"]
[Black "Mucha, Magdalena"]
[Result "0-1"]
[WhiteElo "2173"]
[BlackElo "1947"]
[EventDate "2016.09.02"]

1.e4 c5 2.Nf3 Nc6 3.d4 cxd4 4.Nxd4 e5 5.Nb5 d6 6.N1c3 a6 7.Na3 b5 8.Nd5 
Nf6 9.Bg5 Be7 10.Bxf6 Bxf6 11.c3 Bg5 12.Nc2 O-O 13.Be2 Ne7 14.Ncb4 Be6 15.
O-O Kh8 16.a4 Nxd5 17.Nxd5 bxa4 18.Rxa4 a5 19.Bc4 g6 20.Qe2 f5 21.exf5 
gxf5 22.f4 Bf6 23.Ne3 Bd7 24.Bb5 Be6 25.Bc6 Rb8 26.Bd5 Bd7 27.Raa1 Qb6 28.
Qf2 Qxb2 29.Qxb2 Rxb2 30.Rxa5 exf4 31.Nc4 Bxc3 32.Ra6 Bb5 33.Ra3 Bd4+ 34.
Kh1 Rc2 35.Raf3 Bxc4 36.Bxc4 Rxc4 37.Rxf4 Rfc8 38.Rxf5 Rc1 39.g4 Rxf1+ 40.
Rxf1 Kg7 41.Kg2 Rc2+ 0-1

[Event "POL-chT3"]
[Site "Jastrzebia Gora POL"]
[Date "2016.09.07"]
[Round "5.12"]
[White "Tracz, Marcelina"]
[Black "Kantane, Anna"]
[Result "1/2-1/2"]
[WhiteElo "1825"]
[BlackElo "2248"]
[EventDate "2016.09.02"]

1.e4 c5 2.Nf3 e6 3.d4 cxd4 4.Nxd4 Nc6 5.Nc3 Qc7 6.Be2 a6 7.O-O b5 8.a3 Bb7
9.Kh1 Nf6 10.f4 Nxd4 11.Qxd4 Bc5 12.Qd3 h5 13.Be3 h4 14.Bxc5 Qxc5 15.h3 
Nh5 16.Kh2 Qc6 17.Rf2 f5 18.exf5 Nxf4 19.Qf3 e5 20.Qg4 Qf6 21.Bf3 Bxf3 22.
Qxf3 O-O 23.Nd5 Nxd5 24.Qxd5+ Kh7 25.Qxd7 e4 26.c3 Qe5+ 27.Kh1 Rad8 28.Qb7
e3 29.f6 Qg5 30.Qe4+ Kg8 31.Qe6+ Kh7 32.Qe4+ Kg8 33.Qe6+ Kh7 34.Qe4+ 
1/2-1/2

[Event "POL-chT3"]
[Site "Jastrzebia Gora POL"]
[Date "2016.09.07"]
[Round "5.13"]
[White "Wandzik, Wojciech"]
[Black "Licznerski, Lukasz"]
[Result "1-0"]
[WhiteElo "2346"]
[BlackElo "2260"]
[EventDate "2016.09.02"]

1.e4 c5 2.Nf3 d6 3.Bb5+ Bd7 4.Bxd7+ Qxd7 5.O-O Nf6 6.e5 dxe5 7.Nxe5 Qc7 8.
d4 e6 9.Bf4 Bd6 10.Na3 Bxe5 11.dxe5 a6 12.exf6 Qxf4 13.fxg7 Rg8 14.g3 Rxg7
15.Qh5 Nd7 16.Rfe1 Ke7 17.Qd5 Qc7 18.Rad1 Nf6 19.Qf3 Rgg8 20.Nc4 Rad8 21.
Ne3 Rxd1 22.Rxd1 Rc8 23.Ng4 Ne8 24.Nh6 f6 25.Qe4 Kf8 26.Qxe6 1-0

[Event "POL-chT3"]
[Site "Jastrzebia Gora POL"]
[Date "2016.09.07"]
[Round "5.14"]
[White "Zielinski, Maciej"]
[Black "Mroziak, Maciej"]
[Result "1/2-1/2"]
[WhiteElo "2111"]
[BlackElo "2338"]
[EventDate "2016.09.02"]

1.e4 d5 2.exd5 Nf6 3.d4 Bg4 4.f3 Bf5 5.Bb5+ c6 6.dxc6 Qa5+ 7.Nc3 Nxc6 8.
Ne2 O-O-O 9.Bxc6 bxc6 10.Ng3 e5 11.O-O exd4 12.Nce4 Nxe4 13.Nxf5 Nf2 14.
Rxf2 Qxf5 15.Qd3 Qxd3 16.cxd3 Bd6 17.Rc2 Kb7 18.Bg5 f6 19.Bh4 Rhe8 20.Re1 
Rxe1+ 21.Bxe1 Re8 22.Bf2 c5 23.Kf1 h5 24.h3 a5 25.Re2 Rxe2 26.Kxe2 a4 27.
Kd1 Kc6 28.Kc2 f5 29.b3 Kb5 30.Bh4 g6 31.Bg5 Kb4 32.Bc1 1/2-1/2